<?xml version="1.0" encoding="UTF-8"?><?xml-stylesheet type="text/xsl" href="static/style.xsl"?><OAI-PMH xmlns="http://www.openarchives.org/OAI/2.0/" xmlns:xsi="http://www.w3.org/2001/XMLSchema-instance" xsi:schemaLocation="http://www.openarchives.org/OAI/2.0/ http://www.openarchives.org/OAI/2.0/OAI-PMH.xsd"><responseDate>2026-04-18T01:17:06Z</responseDate><request verb="GetRecord" identifier="oai:www.recercat.cat:20.500.12327/1324" metadataPrefix="marc">https://recercat.cat/oai/request</request><GetRecord><record><header><identifier>oai:recercat.cat:20.500.12327/1324</identifier><datestamp>2025-10-22T11:04:55Z</datestamp><setSpec>com_2072_4428</setSpec><setSpec>com_2072_4427</setSpec><setSpec>col_2072_487898</setSpec></header><metadata><record xmlns="http://www.loc.gov/MARC21/slim" xmlns:dcterms="http://purl.org/dc/terms/" xmlns:xsi="http://www.w3.org/2001/XMLSchema-instance" xmlns:doc="http://www.lyncode.com/xoai" xsi:schemaLocation="http://www.loc.gov/MARC21/slim http://www.loc.gov/standards/marcxml/schema/MARC21slim.xsd">
   <leader>00925njm 22002777a 4500</leader>
   <datafield ind2=" " ind1=" " tag="042">
      <subfield code="a">dc</subfield>
   </datafield>
   <datafield ind2=" " ind1=" " tag="720">
      <subfield code="a">Bento, Maria H. L.</subfield>
      <subfield code="e">author</subfield>
   </datafield>
   <datafield ind2=" " ind1=" " tag="720">
      <subfield code="a">Lewis, Elizabeth A.</subfield>
      <subfield code="e">author</subfield>
   </datafield>
   <datafield ind2=" " ind1=" " tag="720">
      <subfield code="a">Nofrarias, Miquel</subfield>
      <subfield code="e">author</subfield>
   </datafield>
   <datafield ind2=" " ind1=" " tag="720">
      <subfield code="a">Vilà, Borja</subfield>
      <subfield code="e">author</subfield>
   </datafield>
   <datafield ind2=" " ind1=" " tag="720">
      <subfield code="a">McGuire, Philip</subfield>
      <subfield code="e">author</subfield>
   </datafield>
   <datafield ind2=" " ind1=" " tag="720">
      <subfield code="a">Richardson, Kurt</subfield>
      <subfield code="e">author</subfield>
   </datafield>
   <datafield ind2=" " ind1=" " tag="260">
      <subfield code="c">2021-07-25</subfield>
   </datafield>
   <datafield ind2=" " ind1=" " tag="520">
      <subfield code="a">Objective: Nonanoic acid (NA) is one of a series of straight-chain aliphatic alcohols, aldehydes, acids and their derivatives with a well-documented history of use as a synthetic flavoring in human food. As part of a safety evaluation of NA for use as a flavoring in animal feed, an experiment was conducted to evaluate the ability of turkeys to tolerate NA at levels relevant to practical feeding practices. Materials and Methods: A total of 594-day-old BUT Premium turkeys (300 males and 294 females) were allocated at random to 40&#xd;
floor pens containing either 15 males or 13 to 15 females. Poults were fed one&#xd;
of 4 treatment diets in crumble (0 to 14 days) or pellet (15 to 59 days) form&#xd;
containing 0 (control), 100, 300 or 1000 mg NA/kg complete feed for 59 days.&#xd;
General health and performance were monitored for the duration of the&#xd;
study. At days 57 and 59 of age, blood samples were taken and birds were sacrificed and necropsied for histopathological examination of the digestive tract. Significant differences were considered at P ≤ 0.05 and near-significant trends at P ≤ 0.10. Results: NA had no effect on mortality (Pχ2 = 0.54), average daily feed intake (ADFI) (P = 0.11), average daily gain (ADG) (P = 0.12) or feed conversion ratio (FCR) (P = 0.45) in poults over the 56-day feeding period. No treatment-related effects on blood parameters or tissue pathology were observed. Conclusion: The results of the study support the safety and tolerance of NA to turkeys at dietary levels of up to 1000 mg/kg which will provide a considerable margin of safety compared to anticipated practical conditions of use as a feed flavoring.</subfield>
   </datafield>
   <datafield ind1="8" ind2=" " tag="024">
      <subfield code="a">Bento, Maria H. L., Elizabeth A. Lewis, Miquel Nofrarias, Borja Vilà, Philip McGuire, and Kurt Richardson. 2021. "Establishing The Tolerability To Turkeys Of Nonanoic Acid At Practical Levels Of Use As A Feed Flavoring". Open Journal Of Animal Sciences 11 (03): 422-439. doi:10.4236/ojas.2021.113030.</subfield>
   </datafield>
   <datafield ind1="8" ind2=" " tag="024">
      <subfield code="a">2161-7597</subfield>
   </datafield>
   <datafield ind1="8" ind2=" " tag="024">
      <subfield code="a">http://hdl.handle.net/20.500.12327/1324</subfield>
   </datafield>
   <datafield ind1="8" ind2=" " tag="024">
      <subfield code="a">https://doi.org/10.4236/ojas.2021.113030</subfield>
   </datafield>
   <datafield ind2="0" ind1="0" tag="245">
      <subfield code="a">Establishing the Tolerability to Turkeys of Nonanoic Acid at Practical Levels of Use as a Feed Flavoring</subfield>
   </datafield>
</record></metadata></record></GetRecord></OAI-PMH>